| 000 | 00393nam a22001337a 4500 | ||
|---|---|---|---|
| 082 |
_a346.73066 _bNYA |
||
| 100 | _aNyazee, Imran Ahsan Khan | ||
| 245 |
_aCorporate Law (Negotiable Instruments and Partnerships) / _cImran Ahsan Khan Nyazee. |
||
| 260 |
_aIslamabad: _bAdvance Legal Studies Institute, _c2022. |
||
| 300 | _a689p. ; | ||
| 563 | _aHB | ||
| 650 |
_aLaw _935302 |
||
| 942 |
_2ddc _cBK |
||
| 999 |
_c613061 _d613061 |
||